Penulisan cerpen daripada konvensi ke inovasi

Bibliographic Details
Main Author: Othman Puteh
Format: Book
Published: Kuala Lumpur : Utusan Publications&Distributors , 2001
Subjects:

MARC

LEADER 00000cam a2200000 7i4500
001 0000014871
005 20080312.0
008 080306
020 |a 9676111333 
090 0 0 |a OTH   |b MAL 
100 0 |a Othman Puteh 
245 1 0 |a Penulisan cerpen daripada konvensi ke inovasi   |c Othman Puteh 
260 |a Kuala Lumpur :   |b Utusan Publications&Distributors ,   |c 2001 
650 0 |a Authorship   |x Technique 
650 0 |a Fiction   |x Authorship 
650 0 |a Short stories   |x Technique 
999 |a 0000909642   |b Book   |c Adult Collection   |e Cawangan Bandar Tenggara 
999 |a 0001016293   |b Book   |c Adult Collection   |e Perbadanan Perpustakaan Awam Johor 
999 |a 0001016295   |b Book   |c Adult Collection   |e Perbadanan Perpustakaan Awam Johor 
999 |a 0001016327   |b Book   |c Adult Collection   |e Perbadanan Perpustakaan Awam Johor 
999 |a 0001016328   |b Book   |c Adult Collection   |e Perbadanan Perpustakaan Awam Johor